[Event "Saint-Chély d'Aubrac Op"]
[Site "Saint-Chély d'Aubrac (12)"]
[Date "2010.07.14"]
[Round "6.24"]
[White "Franceschini, Francois-Marie"]
[Black "Grange, Emmanuel"]
[Result "0-1"]
[WhiteElo "1670"]
[BlackElo "1460"]
[PlyCount "112"]
[EventDate "2010.??.??"]

1. e4 e6 2. Nf3 d5 3. exd5 exd5 4. d4 Nc6 5. c4 Nf6 6. Nc3 Bb4 7. Bg5 O-O 8.
Bxf6 Qxf6 9. cxd5 Re8+ 10. Be2 Ne7 11. Qa4 Bxc3+ 12. bxc3 Bg4 13. O-O Nxd5 14.
Qc2 Nxc3 15. Qxc3 Rxe2 16. Ne5 Be6 17. Qxc7 Bd5 18. Qd7 Rd8 19. Qg4 Rxa2 20.
Rxa2 Bxa2 21. Rc1 Qb6 22. Nd7 Qe6 23. Qxe6 Bxe6 24. Nc5 Bd5 25. f3 f6 26. Kf2
Kf7 27. Nxb7 Ra8 28. Rc7+ Kg6 29. Na5 a6 30. Rc5 Rd8 31. Ke3 Rd6 32. h4 f5 33.
Nc4 Bxc4 34. Rxc4 Kf6 35. Rc5 Ke6 36. Re5+ Kf6 37. g4 fxg4 38. fxg4 Re6 39. g5+
Ke7 40. Kf4 Rxe5 41. Kxe5 a5 42. Kd5 a4 43. Kc4 Kd6 44. Kb4 a3 45. Kxa3 Kd5 46.
Kb3 Kxd4 47. g6 hxg6 48. Kc2 Ke4 49. Kd2 Kf4 50. Ke2 Kg4 51. Kf2 Kxh4 52. Kg2
Kg4 53. Kg1 Kg3 54. Kh1 g5 55. Kg1 g4 56. Kh1 Kf2 0-1

[Event "Saint-Chély d'Aubrac Op"]
[Site "Saint-Chély d'Aubrac (12)"]
[Date "2010.07.14"]
[Round "6.25"]
[White "Meyer, Bernard"]
[Black "Neff, Thomas"]
[Result "0-1"]
[WhiteElo "1490"]
[BlackElo "1660"]
[PlyCount "72"]
[EventDate "2010.??.??"]

1. e4 e5 2. Nf3 Nc6 3. Bb5 a6 4. Bxc6 dxc6 5. O-O Bg4 6. d3 Qf6 7. Nbd2 Ne7 8.
b3 Ng6 9. Bb2 Bd6 10. Re1 Nh4 11. Re3 Bc5 12. d4 Nxf3+ 13. Nxf3 O-O-O 14. c3
Qd6 15. Rd3 Ba7 16. Qe2 Rhe8 17. Rad1 f6 18. dxe5 Qxe5 19. Qd2 Qe7 20. Ba3 Rxd3
21. Qxd3 Qxa3 22. h3 Be6 23. e5 Qxa2 24. Rd2 Qxb3 25. exf6 gxf6 26. Nd4 Bxd4
27. Qxd4 Qd5 28. Qe3 Qe5 29. Qd3 h5 30. Re2 Qd5 31. Qe3 Kb8 32. f4 f5 33. Rb2
Rd8 34. Rb1 Bc8 35. Qe2 Qd3 36. Qe1 Rd6 0-1

[Event "Saint-Chély d'Aubrac Op"]
[Site "Saint-Chély d'Aubrac (12)"]
[Date "2010.07.14"]
[Round "6.26"]
[White "Barnicol, Georges"]
[Black "Levy, Nicolas"]
[Result "1/2-1/2"]
[WhiteElo "1320"]
[BlackElo "1610"]
[PlyCount "51"]
[EventDate "2010.??.??"]

1. e4 c5 2. Nc3 e6 3. d3 Nc6 4. g3 Nf6 5. Bg2 d5 6. f4 d4 7. Nce2 e5 8. f5 Be7
9. Nf3 O-O 10. O-O b5 11. b3 Ba6 12. a4 bxa4 13. Rxa4 Bb5 14. Ra1 a5 15. Bd2 a4
16. bxa4 Rxa4 17. Rxa4 Bxa4 18. Qb1 Qb8 19. Qxb8 Rxb8 20. c3 Rb2 21. cxd4 Nxd4
22. Nexd4 cxd4 23. Bc1 Rb5 24. Bd2 Nd7 25. Ra1 Nb6 26. Bf1 1/2-1/2

[Event "Saint-Chély d'Aubrac Op"]
[Site "Saint-Chély d'Aubrac (12)"]
[Date "2010.07.14"]
[Round "6.27"]
[White "Faraill, Sebastien"]
[Black "Colombo, Maceo"]
[Result "1-0"]
[WhiteElo "1516"]
[BlackElo "1199"]
[PlyCount "45"]
[EventDate "2010.??.??"]

1. Nf3 d5 2. c4 Be6 3. cxd5 Bxd5 4. Nc3 Bc6 5. d4 e6 6. e4 Bb4 7. Bd3 Bxc3+ 8.
bxc3 e5 9. d5 Bd7 10. Nxe5 Qf6 11. f4 c6 12. Qb3 b5 13. Nxd7 Nxd7 14. e5 Qh4+
15. g3 Qg4 16. O-O Nc5 17. Qd1 Qxd1 18. Rxd1 cxd5 19. Bxb5+ Kf8 20. Ba3 Rc8 21.
Rxd5 Ne7 22. Bxc5 Rxc5 23. Rd8# 1-0

[Event "Saint-Chély d'Aubrac Op"]
[Site "Saint-Chély d'Aubrac (12)"]
[Date "2010.07.14"]
[Round "6.28"]
[White "Bou, Georges"]
[Black "Rateau, Cyprien"]
[Result "1-0"]
[WhiteElo "1473"]
[BlackElo "1360"]
[PlyCount "43"]
[EventDate "2010.??.??"]

1. e4 e5 2. Nf3 Nc6 3. Bc4 Nf6 4. Ng5 d5 5. exd5 Nxd5 6. Qh5 g6 7. Qf3 Qxg5 8.
Bxd5 Nd8 9. O-O Qg4 10. Qf6 Rg8 11. Qxe5+ Ne6 12. Bxe6 fxe6 13. Qxc7 Qd4 14. d3
Bd6 15. Qc4 Qe5 16. Qh4 h5 17. Bd2 Bd7 18. Bc3 Qd5 19. Nd2 Bc6 20. Ne4 Rf8 21.
Nxd6+ Qxd6 22. Qg5 1-0

[Event "Saint-Chély d'Aubrac Op"]
[Site "Saint-Chély d'Aubrac (12)"]
[Date "2010.07.14"]
[Round "6.29"]
[White "Muheim, Xavier"]
[Black "Rota Graziosi, Fanny"]
[Result "1-0"]
[WhiteElo "1470"]
[BlackElo "1200"]
[PlyCount "43"]
[EventDate "2010.??.??"]

1. e4 e5 2. Nf3 Nc6 3. Bb5 Bc5 4. c4 a6 5. Ba4 d6 6. Nc3 Nf6 7. Nd5 O-O 8. Bc2
Bg4 9. b3 Nd4 10. Bd3 c6 11. Ne3 Nxf3+ 12. gxf3 Bxe3 13. fxe3 Bh3 14. Qe2 d5
15. Bb2 Qe7 16. f4 Bg4 17. Qg2 dxe4 18. Bc2 Bf3 19. Qg1 Bxh1 20. Qxh1 Ng4 21.
Qg2 h5 22. fxe5 {suite illisible} 1-0

[Event "Saint-Chély d'Aubrac Op"]
[Site "Saint-Chély d'Aubrac (12)"]
[Date "2010.07.14"]
[Round "6.30"]
[White "Pierron, Baptiste"]
[Black "Rota Graziosi, Annael"]
[Result "1-0"]
[WhiteElo "1400"]
[BlackElo "1150"]
[PlyCount "35"]
[EventDate "2010.??.??"]

1. e4 c5 2. Nc3 g6 3. g3 Bg7 4. Bg2 e6 5. d3 Nc6 6. Be3 Nge7 7. Qd2 O-O 8. Bh6
Bxh6 9. Qxh6 Nd4 10. O-O-O d5 11. h4 dxe4 12. dxe4 Nec6 13. Nf3 e5 14. h5 Nb4
15. hxg6 Re8 16. Ng5 f6 17. gxh7+ Kh8 18. Nf7# 1-0

[Event "Saint-Chély d'Aubrac Op"]
[Site "Saint-Chély d'Aubrac (12)"]
[Date "2010.07.14"]
[Round "6.31"]
[White "Grange, Julien"]
[Black "Degraeve, Remy"]
[Result "0-1"]
[WhiteElo "1280"]
[BlackElo "1320"]
[PlyCount "52"]
[EventDate "2010.??.??"]

1. e4 e5 2. Nf3 Nc6 3. Bc4 Bc5 4. c3 d6 5. d4 exd4 6. cxd4 Bb4+ 7. Bd2 Bxd2+ 8.
Nbxd2 Bg4 9. Qb3 b6 10. Bxf7+ Kf8 11. h4 Qe7 12. Bd5 Bd7 13. Bxc6 Bxc6 14. d5
Bd7 15. O-O-O Nf6 16. Ng5 h6 17. Ne6+ Kf7 18. Nxc7 Rac8 19. e5 Rxc7+ 20. Kb1
Bf5+ 21. Ka1 Qxe5 22. Nc4 Qf4 23. Nxd6+ Qxd6 24. Rc1 Rhc8 25. Rc6 Nxd5 26.
Rxc7+ Rxc7 0-1

[Event "Saint-Chély d'Aubrac Op"]
[Site "Saint-Chély d'Aubrac (12)"]
[Date "2010.07.15"]
[Round "7.1"]
[White "Villegas, Pierre"]
[Black "Riff, Jean-Noel"]
[Result "0-1"]
[WhiteElo "2244"]
[BlackElo "2500"]
[PlyCount "52"]
[EventDate "2010.??.??"]

1. d4 e6 2. c4 Bb4+ 3. Nc3 c5 4. d5 Bxc3+ 5. bxc3 Qa5 6. e4 Nf6 7. Qc2 Nxe4 8.
Bd3 Nf6 9. Bg5 d6 10. Bxf6 gxf6 11. Ne2 Nd7 12. dxe6 fxe6 13. Bxh7 f5 14. Bg6+
Ke7 15. Nf4 Ne5 16. O-O-O Bd7 17. Rhe1 Ba4 18. Qd2 Bxd1 19. Rxe5 Qa3+ 20. Kb1
Bc2+ 21. Ka1 dxe5 22. Nd5+ exd5 23. Qg5+ Kd7 24. Bxf5+ Bxf5 25. Qxf5+ Kc7 26.
Qf7+ Kb6 0-1

[Event "Saint-Chély d'Aubrac Op"]
[Site "Saint-Chély d'Aubrac (12)"]
[Date "2010.07.15"]
[Round "7.2"]
[White "Mullon, Jean-Baptiste"]
[Black "Sanduleac, Vasile"]
[Result "0-1"]
[WhiteElo "2442"]
[BlackElo "2451"]
[PlyCount "74"]
[EventDate "2010.??.??"]

1. d4 d5 2. c4 c6 3. Nf3 Nf6 4. Nc3 a6 5. e3 b5 6. b3 Bg4 7. h3 Bxf3 8. Qxf3 e6
9. c5 Be7 10. Bd3 Nbd7 11. O-O O-O 12. Bd2 e5 {(=)} 13. Qd1 Re8 14. b4 exd4 15.
exd4 Nf8 16. a4 Ne6 17. axb5 axb5 18. Be3 g6 19. Nxb5 cxb5 20. Bxb5 Rf8 21. Bh6
Rb8 22. Bxf8 Bxf8 23. Qa4 Ne4 24. Bd3 Qg5 25. Bxe4 dxe4 26. Kh2 Nxd4 27. Qd7
Rxb4 28. Ra8 Qxc5 29. Re1 Ne6 30. Kg1 Qf5 31. Qd2 Rd4 32. Qe3 Kg7 33. Ra2 Bc5
34. Rae2 Qd5 35. Kh1 Bb4 36. Rf1 Bd2 37. Qg3 Qb5 0-1

[Event "Saint-Chély d'Aubrac Op"]
[Site "Saint-Chély d'Aubrac (12)"]
[Date "2010.07.15"]
[Round "7.3"]
[White "Apicella, Manuel"]
[Black "Degraeve, Jean-Marc"]
[Result "0-1"]
[WhiteElo "2529"]
[BlackElo "2569"]
[PlyCount "106"]
[EventDate "2010.??.??"]

1. c4 e5 2. Nc3 Bb4 3. Nd5 Be7 4. g3 Nf6 5. Bg2 O-O 6. Nf3 Nxd5 7. cxd5 d6 8.
d4 e4 9. Ng1 f5 10. h4 c6 11. dxc6 Nxc6 12. Nh3 d5 13. Nf4 Bf6 14. e3 Qd6 15.
O-O Be6 16. Bd2 Be7 17. Qe2 Qd7 18. Rfc1 Bf7 19. Qe1 Bd6 20. Nh3 h6 21. b4 a6
22. a4 Nd8 23. Bf1 Ne6 24. b5 axb5 25. Bxb5 Qe7 26. Rab1 g5 27. hxg5 hxg5 28.
Bb4 Bxb4 29. Qxb4 Qf6 30. Qd6 Rfd8 31. Qe5 Qxe5 32. dxe5 d4 33. exd4 Rxd4 34.
Bc4 Rxc4 35. Rxc4 g4 36. Rxb7 (36. Nf4 Nxf4) 36... gxh3 37. Rcb4 Kg7 38. Rb8
Rxb8 39. Rxb8 Ng5 40. Kh2 Bc4 41. Rb1 Bd5 42. Rc1 Kg6 43. a5 e3 44. fxe3 Bg2
45. Kg1 Nf3+ 46. Kf2 Nxe5 47. Kg1 Ng4 48. Rc2 Be4 49. Re2 Kg5 50. a6 h2+ 51.
Rxh2 Nxh2 52. Kxh2 Kg4 53. a7 Ba8 0-1

[Event "Saint-Chély d'Aubrac Op"]
[Site "Saint-Chély d'Aubrac (12)"]
[Date "2010.07.15"]
[Round "7.4"]
[White "Massoni, Michael"]
[Black "Batteux, Mickael"]
[Result "0-1"]
[WhiteElo "2308"]
[BlackElo "2003"]
[PlyCount "42"]
[EventDate "2010.??.??"]

1. e4 d5 2. exd5 Nf6 3. d4 Bg4 4. f3 Bf5 5. c4 e6 6. Qb3 exd5 7. Qxb7 Nbd7 8.
Nc3 Rb8 9. Qc6 Bb4 10. Bd2 O-O 11. Be2 Rb6 12. Qa4 c5 13. a3 cxd4 14. axb4 dxc3
15. Bxc3 dxc4 16. Bxc4 Re8+ 17. Ne2 Qc7 18. Qa2 Be6 19. b3 Bxc4 20. bxc4 Rbe6
21. O-O Rxe2 0-1

[Event "Saint-Chély d'Aubrac Op"]
[Site "Saint-Chély d'Aubrac (12)"]
[Date "2010.07.15"]
[Round "7.5"]
[White "Lagunes, Jean-Renaud"]
[Black "Saucey, Michel"]
[Result "0-1"]
[WhiteElo "2074"]
[BlackElo "2306"]
[PlyCount "84"]
[EventDate "2010.??.??"]

1. e4 g6 2. d4 Bg7 3. Nc3 d6 4. Bg5 a6 5. Nf3 h6 6. Be3 Nd7 7. a4 b6 8. Bc4 e6
9. O-O Ne7 10. Qe2 Bb7 11. Rad1 O-O 12. Ne1 d5 13. exd5 exd5 14. Ba2 c6 15. g4
a5 16. f3 Ba6 17. Nd3 Re8 18. Qd2 Kh7 19. Rfe1 Nc8 20. Bf2 Nd6 21. Rxe8 Nxe8
22. Re1 Qf6 23. Kg2 Bxd3 24. Qxd3 Nc7 25. Ne2 Ne6 26. c4 dxc4 27. Bxc4 Rd8 28.
Qb3 Re8 29. h4 c5 30. dxc5 Ndxc5 31. Qc2 Bf8 32. b3 Bd6 33. Qd2 Rd8 34. Qe3 Bc7
35. Bg3 Bxg3 36. Kxg3 Re8 37. Nf4 Nc7 38. Nd5 Qd6+ 39. Qf4 Qxf4+ 40. Nxf4 Rxe1
41. Bxf7 g5 42. Nh5 N7e6 0-1

[Event "Saint-Chély d'Aubrac Op"]
[Site "Saint-Chély d'Aubrac (12)"]
[Date "2010.07.15"]
[Round "7.6"]
[White "Moingt, Jean-Claude"]
[Black "Geronimi, Pierre-Francois"]
[Result "0-1"]
[WhiteElo "2290"]
[BlackElo "1974"]
[PlyCount "88"]
[EventDate "2010.??.??"]

1. e4 c5 2. Nf3 d6 3. d4 cxd4 4. Qxd4 Nc6 5. Bb5 Bd7 6. Bxc6 Bxc6 7. Nc3 Nf6 8.
Bg5 e5 9. Qd2 Be7 10. Bxf6 Bxf6 11. O-O-O Be7 12. Nd5 Bxd5 13. Qxd5 Qb6 14. Rd3
O-O 15. Rf1 Rac8 16. Rb3 Qa6 17. Rd1 Rc7 18. Rbd3 Rfc8 19. Qb3 Qc6 20. Nd2
Qxc2+ 21. Qxc2 Rxc2+ 22. Kb1 R8c6 23. a3 Kf8 24. g3 Bg5 25. Nf3 Rc1+ 26. Rxc1
Rxc1+ 27. Ka2 Be7 28. Kb3 Ke8 29. Nd2 Kd7 30. Nc4 Kc7 31. Ne3 Kd7 32. Ka4 g6
33. h4 Bd8 34. Kb3 Be7 35. a4 h5 36. Nd5 Bd8 37. Kb4 Rc2 38. Rf3 Ke6 39. Kb3
Rd2 40. Nc3 Bb6 41. Nb5 a6 42. Nc3 Rxf2 43. Rd3 Bd4 44. Nd1 Re2 0-1

[Event "Saint-Chély d'Aubrac Op"]
[Site "Saint-Chély d'Aubrac (12)"]
[Date "2010.07.15"]
[Round "7.7"]
[White "Duffau, Pascal"]
[Black "Nass, Emile"]
[Result "0-1"]
[WhiteElo "2034"]
[BlackElo "2248"]
[PlyCount "72"]
[EventDate "2010.??.??"]

1. Nf3 Nf6 2. c4 e6 3. Nc3 c5 4. d4 cxd4 5. Nxd4 Bb4 6. Bd2 Nc6 7. Nxc6 bxc6 8.
e4 e5 9. Bd3 d6 10. Qa4 Qb6 11. O-O O-O 12. Qc2 Qb8 13. Na4 Bxd2 14. Qxd2 Be6
15. Rad1 Rd8 16. Nc3 Nd7 17. Qe2 Nc5 18. b3 Qb4 19. Rc1 a5 20. f4 f6 21. f5 Bf7
22. g4 h6 23. Rf3 Kf8 24. Bc2 Ke7 25. Rg3 d5 26. cxd5 cxd5 27. exd5 Bxd5 28.
Re1 Rac8 29. g5 Qd4+ 30. Qe3 Qxe3+ 31. Rexe3 hxg5 32. h4 gxh4 33. Rxg7+ Bf7 34.
Ne4 Nxe4 35. Bxe4 Rd2 36. Re1 Rg8 0-1

[Event "Saint-Chély d'Aubrac Op"]
[Site "Saint-Chély d'Aubrac (12)"]
[Date "2010.07.15"]
[Round "7.8"]
[White "Muller, Anne"]
[Black "Viennot, Dylan"]
[Result "1-0"]
[WhiteElo "2184"]
[BlackElo "1969"]
[PlyCount "53"]
[EventDate "2010.??.??"]

1. e4 e6 2. d4 d5 3. Nd2 Be7 4. Bd3 c5 5. dxc5 Nf6 6. Qe2 Bxc5 7. Ngf3 Nc6 8.
c3 a5 9. O-O h6 10. exd5 Nxd5 11. Ne4 Be7 12. Rd1 Qc7 13. Bc2 Bd7 14. a3 g5 15.
c4 Nf4 16. Qe1 f5 17. Nc3 g4 18. Nb5 Qb8 19. Qd2 gxf3 20. Qxd7+ Kf7 21. Nd6+
Kf6 22. Bxf4 Rd8 23. Ne8+ Kf7 24. Bxb8 Rxd7 25. Rxd7 Nxb8 26. Nc7 Nxd7 27. Nxa8
1-0

[Event "Saint-Chély d'Aubrac Op"]
[Site "Saint-Chély d'Aubrac (12)"]
[Date "2010.07.15"]
[Round "7.9"]
[White "Van Hoolandt, Patrick"]
[Black "Vincenti, Francois-Xavier"]
[Result "1-0"]
[WhiteElo "2171"]
[BlackElo "1848"]
[PlyCount "105"]
[EventDate "2010.??.??"]

1. d4 d5 2. c4 e5 3. dxe5 d4 4. Nf3 Nc6 5. a3 Nge7 6. b4 Ng6 7. Bb2 Ngxe5 8.
Nbd2 Bg4 9. Qb3 Be7 10. Nxe5 Nxe5 11. h3 Be6 12. Qc2 O-O 13. g3 a5 14. f4 Ng6
15. b5 c5 16. f5 d3 17. Qxd3 Qxd3 18. exd3 Bxf5 19. g4 Bh4+ 20. Kd1 Be6 21. Kc2
b6 22. Bg2 Rad8 23. Rhf1 Rfe8 24. Be4 Bg5 25. Rad1 Be3 26. Rf3 Bd4 27. Bxd4
Rxd4 28. Bc6 Red8 29. Be4 Ne5 30. Re3 g6 31. Nf3 Nxf3 32. Bxf3 Bxc4 33. dxc4
Rxc4+ 34. Rc3 Rxd1 35. Bxd1 Rf4 36. Rf3 Re4 37. Kc3 Kg7 38. Bb3 f6 39. Bc2 Re1
40. Rd3 Rh1 41. Kc4 Rh2 42. Bb3 f5 43. gxf5 gxf5 44. Kd5 Re2 45. Kc6 Re4 46.
Kxb6 c4 47. Rg3+ Kf6 48. Bc2 f4 49. Rg4 Re6+ 50. Kc5 Ke5 51. Rg5+ Kf6 52. Rf5+
Ke7 53. Rxf4 1-0

[Event "Saint-Chély d'Aubrac Op"]
[Site "Saint-Chély d'Aubrac (12)"]
[Date "2010.07.15"]
[Round "7.10"]
[White "Muheim, Sebastien"]
[Black "Pieri, Pierre-Louis"]
[Result "1-0"]
[WhiteElo "2112"]
[BlackElo "1943"]
[PlyCount "97"]
[EventDate "2010.??.??"]

1. c4 e5 2. d3 Nf6 3. Nf3 Nc6 4. a3 a5 5. g3 d5 6. cxd5 Nxd5 7. Bg2 Be7 8. O-O
Nb6 9. Nbd2 O-O 10. b3 Be6 11. Bb2 f6 12. Nc4 a4 13. Nfd2 Nxc4 14. bxc4 Qd7 15.
Re1 Bc5 16. Ne4 Be7 17. Nc3 Nd4 18. Rb1 Ra7 19. Nd5 Bxd5 20. Bxd5+ Ne6 21. e3
c6 22. Bg2 Bc5 23. Bh3 Qd6 24. d4 Ng5 25. Bg2 Bxa3 26. c5 Bxc5 27. dxc5 Qxc5
28. Ra1 b5 29. Qd2 Qb6 30. Rec1 Rd8 31. Qb4 Rc8 32. Bd5+ Nf7 33. Qd6 Rac7 34.
h4 Qb7 35. Be6 Re8 36. Ba3 Qc8 37. Bxf7+ Kxf7 38. Rab1 Rd8 39. Qc5 Rd5 40. Qb6
Qd7 41. e4 Rd3 42. Qc5 Qh3 43. Rc3 Rcd7 44. Qf8+ Kg6 45. Qe8+ Kh6 46. Bc1+ g5
47. hxg5+ fxg5 48. Rxc6+ Kg7 49. Qxe5+ 1-0

[Event "Saint-Chély d'Aubrac Op"]
[Site "Saint-Chély d'Aubrac (12)"]
[Date "2010.07.15"]
[Round "7.11"]
[White "Richard, Emma"]
[Black "Huin, Eric"]
[Result "1-0"]
[WhiteElo "2100"]
[BlackElo "1887"]
[PlyCount "101"]
[EventDate "2010.??.??"]

1. e4 e5 2. Nf3 Nc6 3. Bb5 a6 4. Ba4 Nf6 5. O-O Be7 6. Re1 b5 7. Bb3 O-O 8. c3
d5 9. d4 exd4 10. e5 Ne4 11. cxd4 Bg4 12. Qd3 Bxf3 13. gxf3 Nxf2 14. Qf1 Bh4
15. Re2 Nd3 16. Be3 Bg5 17. f4 Bh6 18. Rd2 Ndb4 19. a3 Na5 20. Bd1 Nbc6 21. b3
Qh4 22. Rg2 f5 23. Nd2 Qe7 24. Qf3 Qe6 25. Qh3 Kh8 26. Nf3 Ne7 27. Rc1 Rac8 28.
Ne1 Nb7 29. Nd3 a5 {(=)} 30. Bd2 c6 31. Kh1 Ra8 32. Ne1 Rac8 33. Be3 Ra8 34.
Nd3 Rac8 35. Bf2 Ng6 36. Qg3 Rg8 37. Be3 Ne7 38. Qh3 Nd8 39. Nc5 Qf7 40. Rf2
Ne6 41. Nb7 Ra8 42. Nd6 Qf8 43. Bc2 g6 44. Qh4 Bg7 45. Rg2 h5 46. Rcg1 Bh6 47.
Bd1 Rg7 48. Qf6 Nc7 49. Bxh5 Qxf6 50. exf6 gxh5 51. fxg7+ 1-0

[Event "Saint-Chély d'Aubrac Op"]
[Site "Saint-Chély d'Aubrac (12)"]
[Date "2010.07.15"]
[Round "7.12"]
[White "Husson, Cybele"]
[Black "Saucey, Capucine"]
[Result "1-0"]
[WhiteElo "2040"]
[BlackElo "1828"]
[PlyCount "47"]
[EventDate "2010.??.??"]

1. e4 e5 2. Nf3 Nc6 3. Bc4 Nf6 4. d3 Be7 5. c3 O-O 6. Bb3 d6 7. O-O Be6 8. Bc2
Ne8 9. d4 exd4 10. Nxd4 Nxd4 11. cxd4 d5 12. e5 Qd7 13. Nc3 c6 14. Be3 Bf5 15.
Rc1 Bxc2 16. Rxc2 g6 17. Bh6 Ng7 18. f4 Rfd8 19. Bxg7 Kxg7 20. f5 Bg5 21. Qe1
Re8 22. Qg3 Bh6 23. Rcf2 Rf8 24. Qh3 1-0

[Event "Saint-Chély d'Aubrac Op"]
[Site "Saint-Chély d'Aubrac (12)"]
[Date "2010.07.15"]
[Round "7.13"]
[White "Herrero, Alain"]
[Black "Carno, Matthias"]
[Result "1/2-1/2"]
[WhiteElo "1762"]
[BlackElo "1925"]
[PlyCount "52"]
[EventDate "2010.??.??"]

1. d4 g6 2. c4 Bg7 3. Nc3 d6 4. e4 Nf6 5. Nf3 O-O 6. Be2 e5 7. O-O Nc6 8. d5
Ne7 9. b4 Ne8 10. c5 f5 11. Nd2 f4 12. Bg4 Nf6 13. Bxc8 Qxc8 14. f3 g5 15. Nb5
Qd7 16. a4 a6 17. Na3 h5 18. Qb3 Kh8 19. Nac4 Nc8 20. Ba3 Nh7 21. b5 g4 22.
cxd6 g3 23. dxc7 gxh2+ 24. Kf2 Rf6 25. Bb2 Qxc7 26. Rh1 Rg6 1/2-1/2

[Event "Saint-Chély d'Aubrac Op"]
[Site "Saint-Chély d'Aubrac (12)"]
[Date "2010.07.15"]
[Round "7.14"]
[White "Bigonnet, Jean-Michel"]
[Black "Devoille, Hugo"]
[Result "1/2-1/2"]
[WhiteElo "1925"]
[BlackElo "1746"]
[PlyCount "102"]
[EventDate "2010.??.??"]

1. d4 Nf6 2. Nc3 g6 3. e4 d6 4. Bc4 Bg7 5. Qe2 e5 6. dxe5 dxe5 7. Nf3 Nbd7 8.
Bg5 c6 9. O-O h6 10. Bh4 O-O 11. Rad1 Qc7 12. Rfe1 Re8 13. Rd2 Nb6 14. Bb3 Be6
15. Red1 Nfd7 16. Qe3 Nf8 17. Bg3 Bxb3 18. axb3 Ne6 19. Na4 Nxa4 20. bxa4 Red8
21. h3 Rxd2 22. Rxd2 a6 23. Qc3 f6 24. Qc4 Re8 25. Nd4 Qf7 26. Nxe6 Qxe6 27.
Qxe6+ Rxe6 28. Rd7 b5 29. Ra7 c5 30. axb5 axb5 31. Ra5 Rb6 32. f3 c4 33. Kf1
Bf8 34. Bf2 Rb7 35. Ra6 Be7 36. Ra7 Rxa7 37. Bxa7 Kf7 38. Ke2 Ke6 39. b3 Kd6
40. Kd2 Kc6 41. Be3 h5 42. Kc3 Bc5 43. Bh6 cxb3 44. cxb3 Be7 45. Be3 Bd8 46.
Bf2 Ba5+ 47. Kd3 Bb6 48. Bh4 g5 49. Be1 h4 50. Bb4 Bd8 51. Ba3 Kb6 1/2-1/2

[Event "Saint-Chély d'Aubrac Op"]
[Site "Saint-Chély d'Aubrac (12)"]
[Date "2010.07.15"]
[Round "7.17"]
[White "Joyeux, Gerard"]
[Black "Messinger, Karl"]
[Result "1-0"]
[WhiteElo "1657"]
[BlackElo "1870"]
[PlyCount "99"]
[EventDate "2010.??.??"]

1. d4 Nf6 2. Nc3 e6 3. e4 Bb4 4. Bg5 h6 5. Bxf6 Qxf6 6. Qd2 d6 7. O-O-O Nd7 8.
Nf3 O-O 9. Qe3 Bxc3 10. Qxc3 c6 11. Kb1 e5 12. dxe5 dxe5 13. Bc4 Re8 14. h3 Nf8
15. Rhf1 Ng6 16. Nh2 Nf4 17. Ng4 Bxg4 18. hxg4 Red8 19. g3 Nh3 20. Bd3 Qd6 21.
Be2 Qf6 22. f4 Rxd1+ 23. Bxd1 Rd8 24. Be2 exf4 25. Qxf6 gxf6 26. gxf4 Rd2 27.
Bd3 Rg2 28. a3 Rxg4 29. f5 Ng5 30. Re1 h5 31. Kc1 h4 32. Kd1 h3 33. Ke2 Nxe4
34. Kf3 Rh4 35. Rxe4 Rh5 36. Rg4+ Kf8 37. Rg1 Ke7 38. Rh1 c5 39. Kg4 Rg5+ 40.
Kxh3 c4 41. Be4 b5 42. Rh2 Kd6 43. Kh4 Ke5 44. Bb7 Kxf5 45. Bc8+ Kf4 46. Rf2+
Ke5 47. Re2+ Kf4 48. Rf2+ Ke5 49. Bd7 Kd6 50. Rxf6+ 1-0

[Event "Saint-Chély d'Aubrac Op"]
[Site "Saint-Chély d'Aubrac (12)"]
[Date "2010.07.15"]
[Round "7.18"]
[White "Mourgues, Joelle"]
[Black "Grange, Romain"]
[Result "1-0"]
[WhiteElo "1797"]
[BlackElo "1690"]
[PlyCount "75"]
[EventDate "2010.??.??"]

1. Nf3 Nf6 2. g3 g6 3. Bg2 d5 4. O-O Bg7 5. d3 O-O 6. Nbd2 Bg4 7. c3 Nbd7 8. h3
Bxf3 9. Bxf3 Ne5 10. Bg2 c6 11. f4 Ned7 12. Kh2 Qc7 13. e4 e5 14. f5 Rad8 15.
Qe2 Nc5 16. Nb3 Nxb3 17. axb3 Qb6 18. b4 a6 19. Bg5 h6 20. Bd2 g5 21. Be3 Qc7
22. Bc5 Rfe8 23. Qf2 Nd7 24. exd5 Nxc5 25. Qxc5 b6 26. Qxc6 Qxc6 27. dxc6 Rxd3
28. Rfd1 Rxd1 29. Rxd1 Bf6 30. Be4 Rd8 31. c7 Rc8 32. Rd7 Kf8 33. Bb7 Ke8 34.
Bxc8 e4 35. Re7+ Bxe7 36. Bxa6 Bd6 37. c8=Q+ Ke7 38. Bb5 1-0

[Event "Saint-Chély d'Aubrac Op"]
[Site "Saint-Chély d'Aubrac (12)"]
[Date "2010.07.15"]
[Round "7.19"]
[White "Grange, Emmanuel"]
[Black "Guerry, Emilien"]
[Result "1-0"]
[WhiteElo "1460"]
[BlackElo "1650"]
[PlyCount "67"]
[EventDate "2010.??.??"]

1. e4 c5 2. c3 e6 3. d4 cxd4 4. cxd4 Nf6 5. Nc3 Bb4 6. Bd3 Qc7 7. Qc2 Nc6 8.
Nf3 d6 9. O-O h6 10. Bd2 a6 11. Rac1 O-O 12. Rfe1 Ba5 13. a3 Bb6 14. Ne2 Qb8
15. b4 Qa7 16. Qb2 e5 17. Be3 Re8 18. Kf1 Bg4 19. Ng3 Bxf3 20. gxf3 Bxd4 21.
Bxd4 Nxd4 22. Re3 Rac8 23. Bc4 Rc7 24. Ne2 Rec8 25. Rec3 Nxf3 26. Bxf7+ Kh7 27.
Rxc7 Rxc7 28. Rxc7 Nxh2+ 29. Kg2 Nxe4 30. Ng3 Qb6 31. Qc2 Kh8 32. Rc8+ Kh7 33.
Qxe4+ g6 34. Qxg6# 1-0

[Event "Saint-Chély d'Aubrac Op"]
[Site "Saint-Chély d'Aubrac (12)"]
[Date "2010.07.15"]
[Round "7.20"]
[White "Tassetti, Florent"]
[Black "Manser, Lucas"]
[Result "1/2-1/2"]
[WhiteElo "1676"]
[BlackElo "1642"]
[PlyCount "24"]
[EventDate "2010.??.??"]

1. Nf3 d5 2. c4 e6 3. g3 Nf6 4. Bg2 Be7 5. O-O c6 6. b3 Nbd7 7. Bb2 O-O 8. d4
b5 9. Nbd2 a5 10. a4 bxc4 11. bxc4 Ba6 12. Re1 Bb4 1/2-1/2

[Event "Saint-Chély d'Aubrac Op"]
[Site "Saint-Chély d'Aubrac (12)"]
[Date "2010.07.15"]
[Round "7.21"]
[White "Neff, Thomas"]
[Black "Faraill, Sebastien"]
[Result "1/2-1/2"]
[WhiteElo "1660"]
[BlackElo "1516"]
[PlyCount "28"]
[EventDate "2010.??.??"]

1. e4 e5 2. Nf3 Nc6 3. Bb5 Nd4 4. Nxd4 exd4 5. Qf3 Qf6 6. Qxf6 Nxf6 7. O-O a6
8. Bc4 d6 9. c3 c5 10. cxd4 cxd4 11. d3 Be6 12. Nd2 Rc8 13. Bxe6 fxe6 14. Nf3
e5 1/2-1/2

[Event "Saint-Chély d'Aubrac Op"]
[Site "Saint-Chély d'Aubrac (12)"]
[Date "2010.07.15"]
[Round "7.22"]
[White "Ferrer, Lauriane"]
[Black "Bou, Georges"]
[Result "1-0"]
[WhiteElo "1650"]
[BlackElo "1473"]
[PlyCount "87"]
[EventDate "2010.??.??"]

1. e4 e5 2. Nf3 Nc6 3. Bc4 Bc5 4. b4 Bxb4 5. c3 Ba5 6. d4 exd4 7. Nxd4 Nxd4 8.
Qxd4 Qf6 9. e5 Qg6 10. O-O Ne7 11. Ba3 Bb6 12. Qf4 Qf5 13. Qg3 Ng6 14. Re1 c5
15. Nd2 O-O 16. Nb3 Re8 17. Bd3 Qf4 18. Bxg6 Qxg3 19. hxg3 hxg6 20. Bxc5 Bc7
21. Bd6 Bxd6 22. exd6 Rxe1+ 23. Rxe1 Kf8 24. Re7 b6 25. Nd4 a5 26. Nb5 Kg8 27.
Re8+ Kh7 28. Nc7 Rb8 29. Nd5 b5 30. Ne7 b4 31. cxb4 axb4 32. Rxc8 Rb6 33. Nd5
Rxd6 34. Nxb4 Rb6 35. Nd3 d6 36. Ra8 Rb1+ 37. Kh2 g5 38. a4 g4 39. a5 f5 40. a6
Ra1 41. a7 Kg6 42. Nb4 Ra4 43. Nc6 Ra6 44. Rc8 1-0

[Event "Saint-Chély d'Aubrac Op"]
[Site "Saint-Chély d'Aubrac (12)"]
[Date "2010.07.15"]
[Round "7.24"]
[White "Degraeve, Remy"]
[Black "Franceschini, Francois-Marie"]
[Result "0-1"]
[WhiteElo "1320"]
[BlackElo "1670"]
[PlyCount "74"]
[EventDate "2010.??.??"]

1. e4 c5 2. Nf3 d6 3. Bc4 Nc6 4. O-O Nf6 5. Nc3 g6 6. d3 Bg7 7. Bg5 O-O 8. Nh4
Bg4 9. Qd2 Ne5 10. Bd5 Nxd5 11. Nxd5 f6 12. Bh6 g5 13. Bxg7 Kxg7 14. Nf5+ Bxf5
15. exf5 Qd7 16. Qe2 Qxf5 17. c3 Qxd3 18. Qxd3 Nxd3 19. Nxe7 Kf7 20. Nf5 Rad8
21. Rad1 c4 22. b3 d5 23. bxc4 dxc4 24. Ne3 b5 25. Rb1 a6 26. Rfd1 Rfe8 27. g3
Kg6 28. Kg2 h5 29. Kf3 f5 30. a4 g4+ 31. Kg2 f4 32. Nc2 f3+ 33. Kf1 Re2 34.
axb5 Rxf2+ 35. Kg1 Rg2+ 36. Kf1 Rxh2 37. Nb4 Rh1# 0-1